00769nam a2200229 i 4500001000700000003000900007005001700016007000300033008004100036100003400077245006300111250001300174260003500187300002200222490002600244650002100270700004200291830004700333852002100380999001900401952011900420126834ES-MaACL20250905063047.0t|070214s1922 sp r ||||1| spa d1 aRey, Abel, d1873-194099648110aLógica / cAbel Rey ; traducción de Julián Besteiro. a4ª. ed. aMadrid : bLa Lectura, c1922. a480 p. ; c19 cm.1 aCiencia y Educación 4aLógica.9146931 aBesteiro, Julián,d1870-194092861900aCiencia y educación (La Lectura)9181469 aES-MaACLjB-6421 c126834d126834 00104070aATENEOMbATENEOMcSPBd2008-01-17eSCl0oB-6421p1132106r2023-02-23 00:00:00w2023-02-23yMONOGRAFIA